000 01224cab a2200217 4500
001 WB2740-11
008 090401t1991 xxu||||| |||| 00| 0 eng d
035 _a(Sirsi) u13740
041 _aeng
245 _aBlight notice
260 _c1991
350 _a0
490 _aEstates Gazette Case Summaries
_v1991 EGCS 91 (12 October 1991)
520 _aIn "Burn v North Yorkshire CC" LT 5 September 1991, the LT held that the claimant`s blight notice against the purchasing highway authority was valid and effective despite abandonment of proposals to build a relief road through part of his property. Whilst it was clear that the blight had been lifted by the date of the hearing, the highway authority disputed whether the date and the terms of the counternotice were still binding. LT accepted that the highway proposal had affected marketability of the remainder of the property not required for the relief road extension.
650 _aBLIGHT NOTICES
650 _aTOWN AND COUNTRY PLANNING ACT 1971 S194(2)
650 _aTOWN AND COUNTRY PLANNING ACT 1990 S151(4)
690 _aENVIRONMENTAL AND LAND CONSULTANCY-PLANNING AND DEVELOPMENT-COMPULSORY PURCHASE AND COMPENSATION
942 _n0
948 _c04/03/1997
999 _c8849
_d8849